01366cam a22003614i 4500003000900000005001700009008004100026020001500067035002700082040003300109082002100142100003000163245008900193264007700282300003800359336002100397337002500418338002300443505036400466526001000830526001000840526001000850526001000860526000800870526000800878526000800886526000800894526000800902526000800910526000800918630004500926650003300971PE-LiUPU20250731173130.0150623s r 000 0 d a080281753X a(Sirsi) i9780802817532 aPE-LiUPUbspacPE-LiUPUerda04a227.207bS612211 aSmedes, Lewis B.,eautor.10aLove within limits :brealizing selfless love in a selfish world /cLewis B. Smedes. 1aGrand Rapids, Michigan :bWilliam B. Eerdmans Publishing Company,c1983. a150 páginas ;c17 centímetros atext2rdacontent aunmediated2rdamedia avolume2rdacarrier0 a1 Corinthians 13. A love song is.. Love suffers long. Love is kind. Love is not Jealous. Love has poise. Love does not seek its own rights. Love does not seek its own self. Love is not irritable. Love is not resentful. Love hates evil. Love bears all things. Love believes all things. Love hopes all things. Love endures all things. Love lasts. Program notes. aSEG42 aSEG41 aSEG40 aSEG39 aP94 aP87 aP86 aP85 aP77 aP76 aP35 aBiblia.pN.T.pCorintios IxComentarios.04aAmorxEnseñanza bíblica.